000 00733nam a22002177a 4500
003 DO-SdBNP
005 20230419144521.0
007 ta
008 100322s2020 dr a 000 0 spaspa d
020 _a9789945093940
040 _aDO-SdBNP
_bspa
_cBNPHU
100 1 _aMéndez, Rafael
_937920
245 1 4 _aLas cooperativas :
_ben el marco de los objetivos de desarrollo sostenible /
_cRafael Méndez
260 _aSanto Domingo :
_bTalleres Gráficos,
_c2020.
300 _a260 p. :
_c23 cm.
500 _aIncluye datos biográficos del autor en la solapa de la portada.
590 _aInventariado, 2021/ YL
590 _aLa biblioteca posee un (1) ejemplar autografiado por el autor.
910 _aYLOCKWARD
942 _2ddc
_cLBS1
999 _c49599
_d49599